LEADER 01064cam0-22003611i-450 001 990003077180403321 005 20230512145520.0 035 $a000307718 100 $a20030910d1982----km-y0itay50------ba 101 1 $aita$ceng 102 $aIT 105 $ay-------001yy 200 1 $aFamiglia e trasformazioni sociali$eun'analisi comparata$fWilliam J. Goode$gcon contributi originali dell'autore per l'ed. it. 210 $aBologna$cZanichelli$d1982 215 $aXXXVII, 474 p.$d21 cm 225 1 $aCollana di sociologia$v6 610 0 $aFamiglia$aAspetti sociali 676 $a14340 676 $a306.85$v22$zita 676 $a15430 676 $a362.8 700 1$aGoode,$bWilliam Josiah$f<1917-2003>$0102410 801 0$aIT$bUNINA$gRICA$2UNIMARC 901 $aBK 912 $a990003077180403321 952 $a15430 GOO$b12231/I$fSES 952 $aVIT / GOO 2$b3376$fBFS 952 $aCOLLEZ. 939 (6)$b25902$fFSPBC 959 $aSES 959 $aBFS 959 $aFSPBC 996 $aFamiglia e trasformazioni sociali$9460205 997 $aUNINA LEADER 02198nam0 22004333i 450 001 LO10376040 005 20251003044209.0 020 $aIT$b1929 4732 090 $a257096 100 $a20010409d1929 ||||0itac50 ba 101 | $aita 102 $ait 181 1$6z01$ai $bxxxe 182 1$6z01$an 200 1 $aˆIl ‰problema della durata del lavoro$el'ideologia internazionale ed i fatti nazionali$ela soluzione nazionale del governo fascista$fLello Gangemi 210 $aFirenze$cVallecchi$d1929 215 $aXV, 526 p.$d20 cm. 606 $aOrario di lavoro$xLegislazione$2FIR$3CFIC022799$9I 676 $a331$9ECONOMIA DEL LAVORO$v23 676 $a331.257$9ORARIO DI LAVORO$v20 676 $a331.257$9ECONOMIA DEL LAVORO. Orari$v22 686 $a130.6$cLAVORO 1918-1939$2R 686 $aIT/1636.2$cFORME CONDIZIONI E MERCATO DEL LAVORO ITALIA FASCISTA 1922-1939$2R 686 $aSe.i.9.2$cStoria dell'economia italiana. 1919-1940. Dalla depressione economica alla guerra d'Etiopia e alle sanzioni economiche$2F 686 $aSe.i.9.3.23$cStoria dell'economia italiana. 1919-1940. L'organizzazione scientifica del lavoro$2F 696 $aOre lavorative$aOre di lavoro$aOrari lavorativi 699 $aOrario di lavoro$yOre lavorative 699 $aOrario di lavoro$yOre di lavoro 699 $aOrario di lavoro$yOrari lavorativi 700 1$aGangemi$b, Lello$3RAVV030961$4070$0120330 801 3$aIT$bIT-000000$c20010409 850 $aIT-BN0095 $aIT-NA0079 901 $bNAP BN$cV.F. $nLa consegna dei documenti è effettuata dall'Ufficio Distribuzione 901 $bNAP 01$cPOZZO LIB.$nVi sono collocati fondi di economia, periodici di ingegneria e scienze, periodici di economia e statistica e altri fondi comprendenti documenti di economia pervenuti in dono. 912 $aLO10376040 950 0$aBiblioteca Centralizzata di Ateneo$b1 v.$c1 v.$d 01POZZO LIB.STORICA 25$e 0101 0000158275E VMA 1 v. (Precedente collocazione STORICA A 3)$fB $h20091222$i20091222 977 $a 01$a BN 996 $aProblema della Durata del Lavoro$9698911 997 $aUNISANNIO